000 01212nam a22002657a 4500
001 9236
003 FISKH
005 20251204103315.0
008 251204b cb ||||| |||| 00| 0 eng d
020 _a9781855911383
040 _aFISKH
_beng
_cFISKH
_dFISKH
082 _a823.914
100 _aWilson, Bob
245 _aGoing Haywire /
_cstory Olivia Madden ; Developed from a script by Bob Wilson
250 _aThis edition published in 1992.
260 _aLondon :
_bBuzz Book,
_c1990
300 _a30 pages :
_bcolor illustrations ;
_c18 cm
505 _aJ
520 _aOn a summer day, Joshua Jones and his friends face a storm while working at the Wharf and Joe Laski’s farm. Mr. Cashmore is preparing for a meal with the Biggotts, while Spanner, Ravi, and Fiona help load hay before the storm hits. Joshua assists by moving the hay onto his boat to protect it. Ravi narrowly avoids being struck by lightning while trying to save a bale of hay. In the end, the group works together to overcome the challenges, despite the storm and some humorous mishaps.
521 8 _a500
_bLexile estimate
521 8 _aJ
_bRaz-Plus
650 _aJoshuaJones
942 _2ddc
_cBK
_n0
999 _c9236
_d9236